|
|
|
|
| LEADER |
00914cam a2200265 a 4500 |
| 001 |
0000060387 |
| 005 |
20050726090000.0 |
| 040 |
|
|
|a mod
|
| 041 |
|
|
|a eng
|
| 020 |
0 |
0 |
|a 0130161438
|
| 090 |
0 |
0 |
|a 005.276
|b DEI
|e 2000
|
| 100 |
1 |
0 |
|a Deitel
|h H.M
|
| 245 |
1 |
0 |
|a Internet and world wide web
|b how to program
|c H.M. Deitel...[et al
|
| 260 |
0 |
0 |
|a New Jersey
|b Prentice Hall
|c 2000
|
| 300 |
0 |
0 |
|a xliv, 1157p.
|b ill.
|c 23cm
|
| 500 |
0 |
0 |
|a Includes index
|
| 650 |
0 |
0 |
|a World wide web
|
| 650 |
0 |
0 |
|a Internet programming
|
| 700 |
1 |
1 |
|a Deith
|h P.J
|
| 700 |
1 |
1 |
|a Nieto
|h T.R
|
| 852 |
0 |
0 |
|a 01
|
| 999 |
|
|
|a 0184470
|b KEMENTAH
|d BOOKS
|e Umum
|f Perpustakaan KEMENTAH
|j AVAILABLE
|q GOOD CONDITION
|
| 999 |
|
|
|a 01856
|b KEMENTAH
|d COMPACT DISC
|e Sumber Media
|f Perpustakaan KEMENTAH
|j AVAILABLE
|q GOOD CONDITION
|
| 999 |
|
|
|a 0191563
|b 3 DIV
|d BOOKS
|e Umum
|f 3 DIV
|j AVAILABLE
|q GOOD CONDITION
|
| 999 |
|
|
|a 0191643
|b 4 DIV
|d BOOKS
|e Umum
|f 4 DIV
|j AVAILABLE
|q GOOD CONDITION
|